Sports Quiz

Random Sports or Basketball Quiz
Score 0/127 Timer 13:00
0 Plays Today
% Correct
North Carolina
100%
North Carolina
100%
North Carolina
100%
North Carolina
100%
North Carolina
100%
Kentucky
98%
Kentucky
98%
Kentucky
98%
Kentucky
98%
Kentucky
98%
Kentucky
98%
Duke
98%
Duke
98%
Iowa
96.1%
Iowa
96.1%
Utah
96.1%
Utah
96.1%
Utah
96.1%
Utah
96.1%
UCLA
96.1%
UCLA
96.1%
UCLA
96.1%
UCLA
96.1%
Kansas
96.1%
Kansas
96.1%
Kansas
96.1%
Arizona
96.1%
Arizona
96.1%
Arizona
96.1%
Arizona
96.1%
Arizona
96.1%
Arizona
96.1%
Arizona
96.1%
Minnesota
94.1%
Minnesota
94.1%
Minnesota
94.1%
Minnesota
94.1%
Minnesota
94.1%
Louisville
94.1%
Louisville
94.1%
Louisville
94.1%
Louisville
94.1%
Iowa St
92.2%
% Correct
Iowa St
92.2%
Iowa St
92.2%
California
92.2%
California
92.2%
California
92.2%
Indiana
90.2%
Villanova
90.2%
Villanova
90.2%
Wisconsin
90.2%
Texas
90.2%
Texas
90.2%
Texas
90.2%
Illinois
90.2%
Illinois
90.2%
Virginia
88.2%
Oklahoma
88.2%
Cincinnati
88.2%
Cincinnati
88.2%
South Carolina
88.2%
Purdue
88.2%
Purdue
88.2%
Georgetown
86.3%
Georgia
86.3%
Maryland
84.3%
USC
84.3%
Stanford
82.4%
Stanford
82.4%
Stanford
82.4%
Temple
82.4%
Temple
82.4%
Miami-Ohio
82.4%
Wake Forest
80.4%
Wake Forest
80.4%
Ole Miss
80.4%
Tulsa
78.4%
Tulsa
78.4%
Boston U.
78.4%
Clemson
78.4%
Clemson
78.4%
Clemson
78.4%
Colorado
78.4%
Colorado
78.4%
New Mexico
76.5%
% Correct
New Mexico
76.5%
Montana
74.5%
St. Jospeh's
74.5%
St. Jospeh's
74.5%
St. Jospeh's
74.5%
Xavier
74.5%
Xavier
74.5%
Vanderbilt
74.5%
Boston College
72.5%
Boston College
72.5%
Princeton
72.5%
Marquette
70.6%
Providence
68.6%
Providence
68.6%
Providence
68.6%
Providence
68.6%
St. Mary's
64.7%
UMass
64.7%
Butler
62.7%
Rhode Island
62.7%
Murray St
60.8%
Charlotte
58.8%
Charlotte
58.8%
Coppin St
56.9%
Coppin St
56.9%
Chattanooga
54.9%
Chattanooga
54.9%
Chattanooga
54.9%
Valparaiso
52.9%
Pacific
52.9%
Charleston
49%
Charleston
49%
Navy
45.1%
Illinois St
45.1%
S. Alabama
45.1%
Old Dominion
41.2%
Jackson St
39.2%
LIU-Brooklyn
31.4%
SW Texas St
23.5%
Charleston So.
23.5%
Fairfield
19.6%
Remove Ads.
Support Sporcle.
Get the best of Sporcle when you Go Orange. This ad-free experience offers more features, more stats, and more fun while also helping to support Sporcle. Thank you for becoming a member.

You're not logged in!

Compare scores with friends on all Sporcle quizzes.
OR
Log In

Sporcle TV

Today on Sporcle TV


Watch our educational content, quiz creation guides, and fun videos on Sporcle TV.

Show Comments

Extras

Top Quizzes Today


Score Distribution

Paid Content

Your Account Isn't Verified!

In order to create a playlist on Sporcle, you need to verify the email address you used during registration. Go to your Sporcle Settings to finish the process.

Report this User

Report this user for behavior that violates our Community Guidelines.

Details: